A New journey to Law -Based Governance (Record no. 524211)
[ view plain ]
| 000 -LEADER | |
|---|---|
| fixed length control field | 00354nam a22001457a 4500 |
| 020 ## - INTERNATIONAL STANDARD BOOK NUMBER | |
| International Standard Book Number | 9787300246475 |
| 040 ## - CATALOGING SOURCE | |
| Transcribing agency | NUST |
| 082 ## - DEWEY DECIMAL CLASSIFICATION NUMBER | |
| Classification number | 340.115 |
| Author Mark | YUJ |
| 100 ## - MAIN ENTRY--PERSONAL NAME | |
| Personal name | Yujun feng |
| 9 (RLIN) | 15026 |
| 245 ## - TITLE STATEMENT | |
| Title | A New journey to Law -Based Governance |
| 260 ## - PUBLICATION, DISTRIBUTION, ETC. | |
| Place of publication, distribution, etc. | China |
| Name of publisher, distributor, etc. | Renmin university press |
| Date of publication, distribution, etc. | 2017 |
| 300 ## - PHYSICAL DESCRIPTION | |
| Extent | ill,241,p.: |
| 521 ## - TARGET AUDIENCE NOTE | |
| Target audience note | P.B |
| 942 ## - ADDED ENTRY ELEMENTS (KOHA) | |
| Source of classification or shelving scheme | |
| Koha item type | Book |
| Withdrawn status | Lost status | Source of classification or shelving scheme | Damaged status | Not for loan | Permanent Location | Current Location | Shelving location | Date acquired | Full call number | Barcode | Date last seen | Price effective from | Koha item type |
|---|---|---|---|---|---|---|---|---|---|---|---|---|---|
| NUST Law School (NLS) | NUST Law School (NLS) | Chinese Studies | 06/18/2019 | 340.115 YUJ | CL-D-372 | 06/18/2019 | 06/18/2019 | Book |
